[Event "Niskayuna op"]
[Site "Niskayuna"]
[Date "2003.04.12"]
[Round "3"]
[White "Fowler, Matt S"]
[Black "English, Kurt M"]
[Result "0-1"]
[WhiteElo "1460"]
[BlackElo "1504"]
[PlyCount "58"]
[EventDate "2003.04.12"]
[EventType "swiss"]
[EventRounds "4"]
[EventCountry "USA"]
[SourceTitle "EXT 2008"]
[Source "ChessBase"]
[SourceDate "2007.11.25"]
[SourceVersion "1"]
[SourceVersionDate "2007.11.25"]
[SourceQuality "1"]

1. e4 c5 2. Nf3 d6 3. d4 cxd4 4. Nxd4 Nf6 5. Nc3 a6 6. Bc4 e6 7. 0-0 Be7 8. Re1 Qc7 9. Bb3 0-0 10. Bg5 Nbd7 11. f3 Nc5 12. Rc1 b5 13. a3 Nxb3 14. cxb3 h6 15. Bh4 Qd7 16. b4 Bb7 17. Qd2 Rac8 18. Rc2 Rc7 19. Rd1 Nxe4 20. Nxe4 Bxh4 21. Nc3 Rfc8 22. Nde2 Be7 23. Rdc1 Qc6 24. Nd4 Qb6 25. Nce2 Rxc2 26. Rxc2 Rxc2 27. Qxc2 e5 28. Qd3 exd4 29. Nxd4 Bf6 0-1